Eredivisie 2025/26 Clubs - Statistieken

Algemene statistieken
  • Deze quiz is 173 keer genomen
  • De gemiddelde score is 17 van 18
Antwoordstatistieken
Foto Antwoord % Correct
Ajax
99%
AZ Alkmaar
99%
FC Twente
95%
Feyenoord
95%
PEC Zwolle
95%
FC Groningen
93%
FC Utrecht
93%
NAC Breda
93%
PSV
93%
Sparta Rotterdam
93%
N.E.C. Nijmegen
92%
Go Ahead Eagles
91%
Excelsior Rotterdam
89%
FC Volendam
89%
Fortuna Sittard
89%
Heracles Almelo
89%
Telstar
88%
SC Heerenveen
87%
Geen overeenkomende quizzen gevonden
Scoreverdeling
Procent van Mensen met Elke Score
Percentiel versus Aantal Correcte Antwoorden
Uw Scoregeschiedenis
U heeft deze quiz nog niet genomen